01551nam a2200397 i 450000100060000000300080000600500170001400600190003100700150005000800410006502000270010602000180013304000310015105000210018208000080020308200120021110000260022324501660024926400490041530000520046433600310051633700360054733800430058349000380062658801320066465000330079665000400082965000330086965000380090265500270094070000280096770000350099583000390103003500220106985600620109148076FlNmELB20241216231922.0m o u cr cn|||||||||190124s2013 cl a o 000 0 spa d a9781512961409 (e-book) z9789569071560 aFINmELBbspaerdacFINmELB14aF3126bH887 2013 a98304a9832231 aHueche Nahuel, Norma.10aTaiñ Kuifi Nutram :bnuestras antiguas conversaciones /c[entrevistas realizadas por] Norma Hueche Nahuel, Mariela Moyano Cumian, Fernando Vásquez Alarcón. 1aSantiago de Chile :bCeibo Ediciones,c2013. a1 recurso en línea (82 páginas) :bretratos atextobtxt2rdacontent/spa acomputadorabcbc2rdamedia/spa arecurso en líneabcr2rdacarrier/spa1 aColección Memorias y crónicas aDescripción basada en recurso en línea; título de la página del título en PDF (elibro, visto el 24 de enero de 2019). 4aIndios MapuchevEntrevistas. 4aIndios MapuchexIdentidad étnica. 0aMapuche IndiansvInterviews. 0aMapuche IndiansxEthnic identity. 4aLibros electrónicos.1 aMoyano Cumian, Mariela.1 aVásquez Alarcón, Fernando. 0aColección Memorias y crónicas. a(OCoLC)110586711840uhttps://elibro.net/ereader/politecnicointernacional/68650